|
|
|
|
| LEADER |
00690nam a2200205Ia 4500 |
| 001 |
CTU_129056 |
| 008 |
210402s9999 xx 000 0 und d |
| 020 |
|
|
|c 1004000
|
| 082 |
|
|
|a 658.872
|
| 082 |
|
|
|b C912
|
| 100 |
|
|
|a Napier, H. Albert
|
| 245 |
|
0 |
|a Creating a winning E-Business
|
| 245 |
|
0 |
|c H. Albert Napier ... [et al.]
|
| 260 |
|
|
|a Boston, MA.
|
| 260 |
|
|
|b Thomson Course Technology
|
| 260 |
|
|
|c 2006
|
| 650 |
|
|
|a Electronic commerce.,Business enterprises,Thương mại điện tử,Thương mại điện tử,Doanh nghiệp
|
| 650 |
|
|
|x Computer networks.,Mạng máy tính
|
| 904 |
|
|
|i Minh
|
| 980 |
|
|
|a Trung tâm Học liệu Trường Đại học Cần Thơ
|